|
|
|
|
| LEADER |
01370nam a2200385 a 4500 |
| 001 |
000154093 |
| 003 |
CZ BrMZK |
| 005 |
20210401093523.0 |
| 007 |
ta |
| 008 |
960815s1997 xr e cze d |
| 015 |
|
|
|a cnb000205070
|
| 035 |
|
|
|a (OCoLC)38454163
|
| 040 |
|
|
|a BOA001
|b cze
|
| 043 |
|
|
|a a-bn---
|
| 045 |
|
|
|a x9x9
|
| 072 |
|
7 |
|a 796
|x Sport. Hry. Tělesná cvičení
|2 Konspekt
|9 20
|
| 080 |
|
|
|a 796.71.093
|2 MRF
|
| 080 |
|
|
|a (592.6+594.1+595.41/.43)
|2 MRF
|
| 080 |
|
|
|a (084.12)
|2 MRF
|
| 080 |
|
|
|a (0:82-4)
|2 MRF
|
| 100 |
1 |
|
|a Dufek, Petr,
|d 1956-
|7 mzk2003188966
|4 aut
|
| 245 |
1 |
0 |
|a Mosty přes řeku diamantů /
|c [Petr Dufek]
|
| 250 |
|
|
|a Vyd. 1.
|
| 260 |
|
|
|a Pardubice :
|b Spektrum D,
|c 1997
|
| 300 |
|
|
|a 91 s. :
|b il., mapy ;
|c 30 cm
|
| 611 |
2 |
7 |
|a Camel Trophy Kalimantan (soutěž)
|d (1996 :
|c Borneo, Velké Sundy : ostrov;
|c Indonésie)
|7 kn20050512018
|2 czenas
|
| 648 |
|
4 |
|a 1996
|
| 650 |
0 |
7 |
|a automobilové soutěže
|7 ph118703
|z Borneo Island (Greater Sunda Islands)
|y 1991-2000
|2 czenas
|
| 651 |
|
7 |
|a Borneo (Velké Sundy : ostrov)
|7 ge291536
|x vlastivěda
|2 czenas
|
| 653 |
0 |
|
|a Land Rover
|
| 655 |
|
7 |
|a fotografické publikace
|7 fd132276
|2 czenas
|
| 655 |
|
7 |
|a reportáže
|7 fd133252
|2 czenas
|
| 910 |
|
|
|a BOA001
|b 4-1031.042
|
| 990 |
|
|
|a BK
|
| 996 |
6 |
|
|b 2610049566
|c 4-1031.042
|l MZK
|r Sklad / do 1 hodiny
|n 3
|p p.v.
|w 000154093
|u 000010
|a 1
|e BOA001
|j MZK50
|s P
|